000 00447nam a2200181Ia 4500
003 OSt
005 20230505151721.0
008 210423s1996 xx 000 0 und d
040 _cAL
041 _aeng
082 _a301.0954
_223
_bAHUI
100 _aAHUJA (Ram).
_998993
245 _aIndian social system.
260 _aNew Delhi
_bRawat Publications
_c1996
365 _b150
_cINR
906 _aIndian ; social ; system.
942 _2ddc
_cBK
999 _c171397
_d171397